Largest Reptiles - Statistics

General Stats
  • This quiz has been taken 10 times
  • The average score is 7 of 15
Answer Stats
Habitat Weight (kg) Answer % Correct
(In the Name) 150 - 300 {Galapagos} Tortoise
100%
Africa 250 - 900 {Nile} Crocodile
89%
Indo-Pacific 400 - 1,300 {Saltwater} Crocodile
89%
(In the Name) 200 - 500 {American} Alligator
78%
(In the Name) 150 - 600 {American} Crocodile
78%
Worldwide 200 - 500 {Leatherback} Sea Turtle
78%
Worldwide 100 - 320 {Green} Sea Turtle
67%
Amazon 300 - 500 {Black} Caiman
44%
Indonesia 100 - 590 False {Gharial}
44%
India 160 - 680 {Gharial}
44%
India 160 - 450 {Mugger} Crocodile
22%
Worldwide 100 - 350 {Loggerhead} Sea Turtle
11%
Seychelles 132 - 250 {Aldabra} Giant Tortoise
0%
South America 200 - 700 {Orinoco} Crocodile
0%
West Africa 125 - 325 {Slender-snouted} Crocodile
0%
No matching quizzes found
Score Distribution
Percent of People with Each Score
Percentile by Number Answered
Your Score History
You have not taken this quiz